000 00632nam a2200205 i 4500
001 95706
003 ES-MaACL
005 20230906181746.0
007 t|
008 050602s1984 sp ||||1| spa d
100 1 _aLlorente Herrero, Pilar.
_972912
245 1 4 _aLos movimientos sociales (hasta 1914) /
_cPilar Llorente Herrero y Feliciano Paéz-Camino.
260 _aMadrid :
_bAkal,
_c1984.
300 _a76 p. ;
_c23 cm.
490 1 _aHistoria del mundo moderno
700 1 _aPáez-Camino, Feliciano.
_988234
830 0 _aHistoria del mundo moderno
_9183042
852 _aES-MaACL
_jL-6289
_bR.107062
999 _c95706
_d95706